LEADER 00975nam0 2200265 450 001 000020339 005 20081204154811.0 010 $a0792333284 100 $a20081204d1995----km-y0itay50------ba 101 0 $aeng 102 $aNL 105 $aa-------001yy 200 1 $aComputer treatment of large air pollution models$fby Zahari Zlatev 210 $aDordrecht [etc.]$cKluwer academic publ.$dc1995 215 $aXIV, 358 p.$cill.$d25 cm 225 2 $aEnvironmental science and technology library 410 0$12001$aEnvironmental science and technology library 500 10$aComputer treatment of large air pollution models$933473 676 $a628.53$v21$9Inquinamento e ingegneria sanitaria. Inquinamento atmosferico 700 1$aZlatev,$bZahari$055317 801 0$aIT$bUNIPARTHENOPE$c20081204$gRICA$2UNIMARC 912 $a000020339 951 $aM 628.53/2$bM 1253$cDSA$d2008 996 $aComputer treatment of large air pollution models$933473 997 $aUNIPARTHENOPE LEADER 00865cam0 2200265 450 001 E600200044398 005 20220329091602.0 100 $a20090129d1999 |||||ita|0103 ba 101 $aeng 102 $aGB 200 1 $aDefiniteness$fChristopher Lyons 210 $aCambridge$cCambridge University Press$d1999 215 $aXX, 380 p.$d23 cm 225 2 $aCambridge Texbook in Linguistics 410 1$1001LAEC00026089$12001 $a*Cambridge Texbook in Linguistics 700 1$aLyons$b, Christopher$3A600200052191$4070$0165463 801 0$aIT$bUNISOB$c20220329$gRICA 850 $aUNISOB 852 $aUNISOB$j400$m97886 912 $aE600200044398 940 $aM 102 Monografia moderna SBN 941 $aM 957 $a400$b000504$gSi$d97886$1massimo$2UNISOB$3UNISOB$420090129101513.0$520150409090047.0$6Alfano 996 $aDefiniteness$9483846 997 $aUNISOB